| 000 | 00393nam a2200145Ia 4500 | ||
|---|---|---|---|
| 008 | 231129s1982||||xx |||||||||||||| ||spa|| | ||
| 020 | _a84-85609-70-0 | ||
| 040 | _bspa | ||
| 082 | _a612.662 L864m | ||
| 100 | _aLopez Ibor J.J. | ||
| 245 | 0 | _aTodas las respuestas sobre la menstruacion | |
| 260 | _c1982 | ||
| 264 | _aEdiciones UVE | ||
| 942 |
_2ddc _cBKS |
||
| 999 |
_c25445 _d25445 |
||